• 首页
  • 本馆介绍
  • 公告通知
  • 最新文献
  • 馆藏检索
  • 电子资源
  • 读者导购
  • 参考咨询
  • 我的图书馆
  • 登录
  • 详细信息显示
  • 放入我的书架
  • 预约/预借图书
  • 作者相关作品
  • 分类相关作品
  • 丛书相关作品
  • 出版社相关作品

书目信息

  • 表格格式
  • 工作单格式
  • 卡片格式
题名:
茅盾评论文集
    
 
作者:
分册: 上  
出版信息: 北京   人民文学出版社  1978
页数: 474页
开本: 20cm
丛书名:
单 册:
中图分类: I207 , I206.5
科图分类:
主题词: 文学理论--文集 , 文学评论--中国--文集 , 文学--中国
电子资源:
ISBN:
000 00633nam0 2200253 45
001 0178003450
005 20070729085820.07
010    @dCNY1.95
091    @a10019.2674
091    @aCN@b10019.2674
100    @a19950719d1978 em y0chiy0121 ea
101 0  @achi
102    @aCN@b110000
105    @ay r 000zy
200 10 @a茅盾评论文集@h上@Amao dun ping lun wen ji
210    @a北京@c人民文学出版社@d1978
215    @a474页@d20cm
606    @a文学理论@x文集
606    @a文学评论@y中国@x文集
606 0  @a文学@x中国
690    @aI207@v3
690    @aI206.5
801  0 @aCN@bNLC@c20070729
905    @f1@b5209@dI206.5@e8:1
    
    茅盾评论文集.上.-北京:人民文学出版社,1978
    474页;20cm
    
    
    ISBN :CNY1.95
    
●
相关链接 在E读中查询图书 在五车中查询图书 在当当中查询图书 在豆瓣中查询图书


正题名:茅盾评论文集     索取号:I206.5/8:1         预约/预借

序号 登录号 条形码 馆藏地/架位号 状态 备注
1 0005209   000051071   第一样本阅览室/ [索取号:I206.5/8:1] 在馆    
2 0785702   207857023   密集书库/ [索取号:I206.5/8:1] 在馆    
唐山师范学院图书馆 欢迎您!
大连网信软件有限公司© 版权所有